| 000 | 00624nam a2200205 a 4500 | ||
|---|---|---|---|
| 005 | 20231017063820.0 | ||
| 008 | 030805s2000 mx r 000 0 eng d | ||
| 020 | _a970650107X | ||
| 035 | _aUPN01000127485 | ||
| 049 | _aLT | ||
| 050 | 4 |
_aLB1631 M6.2 _bB3.4 |
|
| 100 | 1 | _aBeare, Nick | |
| 245 | 1 | 0 |
_aLinks 2 : _bstudent's book / _cNick Beare, Jeanette Greenwell, Adriana del Paso |
| 260 |
_aMéxico : _bMacmillan de México, _c2000. |
||
| 300 | _a135 p. | ||
| 650 | 4 |
_aInglés _xEstudio y enseñanza (Secundaria) _95708 |
|
| 700 | 1 |
_aGreenwell, Jeanette, _ecoaut. |
|
| 700 | 1 |
_aPaso, Adriana del, _ecoaut. |
|
| 905 | _aLibro | ||
| 999 |
_c99664 _d99664 |
||